Ferry and Brandon's cost planning of buildings (Record no. 115398)

MARC details
000 -LEADER
fixed length control field 02035cam a22003135a 4500
001 - CONTROL NUMBER
control field L158581
008 - FIXED-LENGTH DATA ELEMENTS--GENERAL INFORMATION
fixed length control field 080903s2014 xxk def 001 0 eng d
020 ## - INTERNATIONAL STANDARD BOOK NUMBER
International Standard Book Number 9781119968627
035 ## - SYSTEM CONTROL NUMBER
System control number (Sirsi) u158581
041 0# - LANGUAGE CODE
Language code of text/sound track or separate title eng
050 04 - LIBRARY OF CONGRESS CALL NUMBER
Classification number 658.1552 $2 18
100 1# - MAIN ENTRY--PERSONAL NAME
Personal name Kirkham, Richard J.
245 00 - TITLE STATEMENT
Title Ferry and Brandon's cost planning of buildings
250 #0 - EDITION STATEMENT
Edition statement 9th ed.
260 ## - PUBLICATION, DISTRIBUTION, ETC.
Place of publication, distribution, etc. Oxford
Name of publisher, distributor, etc. Blackwell Publishing
Date of publication, distribution, etc. 2014
300 ## - PHYSICAL DESCRIPTION
Extent xxiv, 326p.
Other physical details ill. $2 5 cm.
350 ## - PRICE (NR) (BK AM CF MU VM SE) [OBSOLETE]
Price £38.50
505 2# - FORMATTED CONTENTS NOTE
Formatted contents note The discipline of cost planning -- Research and development in cost planning practice -- The three stages of cost planning -- Phase 1: Cost planning at the briefing stage -- Phase 2: Cost planning at the design stage -- Phase 3: Cost planning and control at production and operation -- Appendix A: BCIS elemental cost analysis -- Appendix B: Discount rate tables -- Index
520 ## - SUMMARY, ETC.
Summary, etc. Develops the subject of cost planning in the procurement of buildings. This update includes the recent changes in the UK construction industry. Contains topics such as procurement innovation, whole life-cycle costing and modelling techniques. Textbook contains the fundamentals for cost planning practice and for students studying for quantity surveyor degrees and construction management degrees. Develops the principles of cost planning from a pre-contract and a post-contract perception. Discusses the role of effective briefing and client and stakeholder engagement. Analyses the role of the quantity surveyor and of the building economist. Emphasises the need for the design team members to work in collaboration as early as possible in the course of the project.
521 ## - TARGET AUDIENCE NOTE
Target audience note Advanced
590 ## - LOCAL NOTE (RLIN)
Local note KA
651 #4 - SUBJECT ADDED ENTRY--GEOGRAPHIC NAME
Geographic name United Kingdom
Chronological subdivision
690 ## - LOCAL SUBJECT ADDED ENTRY--TOPICAL TERM (OCLC, RLIN)
Topical term or geographic name as entry element BUILT ENVIRONMENT-QUANTITY SURVEYING-CONSTRUCTION COST MANAGEMENT-CONSTRUCTION COST PLANNING
700 1# - ADDED ENTRY--PERSONAL NAME
Personal name Greenhalgh, Brian
700 1# - ADDED ENTRY--PERSONAL NAME
Personal name Waterman, Anthony
710 1# - ADDED ENTRY--CORPORATE NAME
Corporate name or jurisdiction name as entry element Liverpool John Moores University
Subordinate unit School of the Built Environment
9 (RLIN) 5646
942 ## - ADDED ENTRY ELEMENTS (KOHA)
Suppress in OPAC 0
Holdings
Withdrawn status Lost status Source of classification or shelving scheme Damaged status Not for loan Home library Current library Shelving location Date acquired Total Checkouts Full call number Barcode Date last seen Copy number Price effective from Koha item type
    Dewey Decimal Classification     London London Books 06/05/2015   658.1552 KIR 30079026 06/08/2019 1 06/08/2019 Book